| 000 | 00470nam a22001817a 4500 | ||
|---|---|---|---|
| 003 | PILC | ||
| 005 | 20160119101852.0 | ||
| 008 | 121119t xxu||||| |||| 00| 0 eng d | ||
| 020 | _a9780439441421 | ||
| 050 |
_aPZ 7 _b.F596 1986 |
||
| 082 |
_aFIC _bF62 1986 |
||
| 100 |
_aFleischman, Sid _917649 |
||
| 245 |
_aThe whipping boy _cSid Fleischman |
||
| 260 |
_aNew York : _bScholastic, _cc1986. |
||
| 300 |
_a90 p. : _bill. ; _c19 cm |
||
| 942 |
_2lcc _cBK |
||
| 999 |
_c10771 _d10771 |
||